[Event "España ch 1ª Division Norte"]
[Site "Barcelona ESP"]
[Date "2005.08.13"]
[Round "4.11"]
[White "Lopez Roca, Xavier"]
[Black "Roig Grau, Jesus"]
[Result "1-0"]
[WhiteElo "2098"]
[BlackElo "2200"]
[PlyCount "105"]
[EventDate "2005.08.11"]
[EventType "team"]
[EventRounds "6"]
[EventCountry "ESP"]
[Source "lmi"]
[SourceDate "2005.08.14"]

1. d4 d5 2. c4 e6 3. Nf3 c6 4. e3 f5 5. Nc3 Nf6 6. Be2 Bd6 7. Qc2 O-O 8. Bd2
Ne4 9. Rf1 a6 10. O-O-O b5 11. c5 Bc7 12. Ne1 e5 13. f3 Nxc3 14. Bxc3 e4 15. f4
a5 16. g3 b4 17. Bd2 Ba6 18. Rf2 Bxe2 19. Rxe2 Qc8 20. Ng2 Qa6 21. Rf2 Qb5 22.
Be1 a4 23. Qe2 Qb7 24. h3 Bd8 25. g4 Na6 26. Bd2 Qd7 27. Rh1 Ra7 28. Kb1 Bf6
29. g5 Be7 30. Rc1 Rb8 31. h4 Bd8 32. h5 Ba5 33. Nh4 Nc7 34. Rh1 Nb5 35. Ka1
Rab7 36. Rfh2 Nc3 37. Qe1 Nb5 38. Qe2 Rf8 39. h6 g6 40. Rc1 Qe8 41. Qe1 Qa8 42.
Qd1 b3 43. Bxa5 a3 44. Bb6 bxa2 45. Qb3 axb2+ 46. Rxb2 Rbb8 47. Rxa2 Qb7 48.
Rb1 Ra8 49. Rbb2 Rfb8 50. Ng2 Kf7 51. Ne1 Ke6 52. Nc2 Kd7 53. Nb4 1-0

[Event "España ch 1ª Division Norte"]
[Site "Barcelona ESP"]
[Date "2005.08.13"]
[Round "4.11"]
[White "Obon Temprano, Sergi"]
[Black "Chalmeta Ugas, Jordi"]
[Result "1/2-1/2"]
[WhiteElo "2173"]
[BlackElo "2076"]
[PlyCount "26"]
[EventDate "2005.08.11"]
[EventType "team"]
[EventRounds "6"]
[EventCountry "ESP"]
[Source "lmi"]
[SourceDate "2005.08.14"]

1. e4 e6 2. d4 d5 3. Nd2 Nf6 4. e5 Nfd7 5. Bd3 c5 6. c3 Nc6 7. Ne2 cxd4 8. cxd4
Qb6 9. Nf3 f6 10. exf6 Nxf6 11. O-O Bd6 12. Nc3 O-O 13. Re1 Kh8 1/2-1/2

[Event "España ch 1ª Division Norte"]
[Site "Barcelona ESP"]
[Date "2005.08.13"]
[Round "4.11"]
[White "Prats Rodriguez, Joan Bosco"]
[Black "Garcia Mosquera, David"]
[Result "0-1"]
[WhiteElo "2070"]
[BlackElo "2099"]
[PlyCount "54"]
[EventDate "2005.08.11"]
[EventType "team"]
[EventRounds "6"]
[EventCountry "ESP"]
[Source "lmi"]
[SourceDate "2005.08.14"]

1. e4 e5 2. Nf3 d6 3. d4 f5 4. Nc3 fxe4 5. Nxe4 d5 6. Bg5 Be7 7. Bxe7 Nxe7 8.
Nc5 b6 9. Nb3 e4 10. Ne5 O-O 11. f3 Nbc6 12. Nxc6 Nxc6 13. Bb5 exf3 14. Bxc6
fxg2 15. Rg1 Qh4+ 16. Kd2 Qh6+ 17. Ke1 Rf1+ 18. Rxf1 gxf1=Q+ 19. Kxf1 Bh3+ 20.
Ke1 Qxc6 21. Kd2 Qh6+ 22. Kc3 Re8 23. Nc1 Re3+ 24. Nd3 c5 25. b3 Qf6 26. Kb2
Qxd4+ 27. Ka3 b5 0-1

[Event "España ch 1ª Division Norte"]
[Site "Barcelona ESP"]
[Date "2005.08.13"]
[Round "4.12"]
[White "Basto Auzmendi, Mario"]
[Black "Arce Balluerca, Jorge"]
[Result "1/2-1/2"]
[WhiteElo "2132"]
[BlackElo "2115"]
[PlyCount "92"]
[EventDate "2005.08.11"]
[EventType "team"]
[EventRounds "6"]
[EventCountry "ESP"]
[Source "lmi"]
[SourceDate "2005.08.14"]

1. e4 c5 2. Nf3 e6 3. d4 cxd4 4. c3 d3 5. Bxd3 Nc6 6. O-O d6 7. b4 Nf6 8. Na3
Be7 9. Qe2 O-O 10. Rd1 Qc7 11. Nb5 Qb8 12. Bg5 Ne5 13. Nxe5 dxe5 14. Bc2 a6 15.
Na3 b5 16. Nb1 Bb7 17. a4 Bc6 18. Nd2 Qc7 19. c4 Bxb4 20. Bxf6 gxf6 21. axb5
axb5 22. cxb5 Rxa1 23. Rxa1 Bxb5 24. Qxb5 Bxd2 25. Qd3 Qc3 26. Qxc3 Bxc3 27.
Ra3 Rc8 28. Ra2 Bd4 29. g3 Kg7 30. Kg2 h5 31. h4 Kg6 32. Bb1 Rc1 33. Bd3 f5 34.
exf5+ exf5 35. Re2 e4 36. Bc2 Kf6 37. Kh2 Ke5 38. Kg2 Ra1 39. Kh2 Ra3 40. Kg2
Rf3 41. Ba4 Rc3 42. Bc2 Kd5 43. Bd1 Rd3 44. Bc2 Kc4 45. Ba4 Ra3 46. Bd1 Rc3
1/2-1/2

[Event "España ch 1ª Division Norte"]
[Site "Barcelona ESP"]
[Date "2005.08.13"]
[Round "4.12"]
[White "Munita Loinaz, Jose Antonio"]
[Black "Ingunza Lopez, Txema"]
[Result "1/2-1/2"]
[WhiteElo "1994"]
[BlackElo "2047"]
[PlyCount "33"]
[EventDate "2005.08.11"]
[EventType "team"]
[EventRounds "6"]
[EventCountry "ESP"]
[Source "lmi"]
[SourceDate "2005.08.14"]

1. e4 c5 2. Nf3 e6 3. c3 d5 4. e5 Nc6 5. d4 Qb6 6. Bd3 Bd7 7. dxc5 Bxc5 8. O-O
f6 9. b4 Be7 10. b5 Nxe5 11. Nxe5 fxe5 12. Qh5+ Kd8 13. Qxe5 Bf6 14. Bg5 Rc8
15. Nd2 Qc7 16. Qe3 Bxg5 17. Qxg5+ 1/2-1/2

[Event "España ch 1ª Division Norte"]
[Site "Barcelona ESP"]
[Date "2005.08.13"]
[Round "4.12"]
[White "Ruiz Gomez, Alejandro"]
[Black "Rodriguez Balzategui, Cesar"]
[Result "1-0"]
[WhiteElo "2333"]
[BlackElo "2210"]
[PlyCount "73"]
[EventDate "2005.08.11"]
[EventType "team"]
[EventRounds "6"]
[EventCountry "ESP"]
[Source "lmi"]
[SourceDate "2005.08.14"]

1. Nf3 g6 2. e4 d6 3. d4 Nf6 4. Nc3 Bg7 5. Be2 O-O 6. h3 c6 7. O-O b5 8. e5
Nfd7 9. Bf4 dxe5 10. dxe5 Nc5 11. Qc1 b4 12. Rd1 Qa5 13. Nb1 Ne6 14. Bg3 Qc7
15. c3 a5 16. Qe3 Nd7 17. Nbd2 Nb6 18. Rac1 Nd5 19. Qe4 bxc3 20. bxc3 Bh6 21.
c4 Ndf4 22. Bf1 Rd8 23. Ra1 Nc5 24. Qc2 a4 25. Qc3 Rb8 26. Qa3 Qa7 27. Kh2 Bf5
28. Qe3 g5 29. h4 Bg7 30. Nxg5 Nh5 31. Nde4 Nxg3 32. Nxg3 Bc2 33. Rxd8+ Rxd8
34. Rc1 Bd3 35. N5e4 Bxe5 36. Nxc5 Bf6 37. Bxd3 1-0

[Event "España ch 1ª Division Norte"]
[Site "Barcelona ESP"]
[Date "2005.08.13"]
[Round "4.12"]
[White "Zubimendi Her, Julian"]
[Black "Fernandez de Betoño, Carlos"]
[Result "1/2-1/2"]
[WhiteElo "1990"]
[BlackElo "2004"]
[PlyCount "60"]
[EventDate "2005.08.11"]
[EventType "team"]
[EventRounds "6"]
[EventCountry "ESP"]
[Source "lmi"]
[SourceDate "2005.08.14"]

1. e4 c6 2. d4 d5 3. e5 Bf5 4. Nf3 e6 5. Be3 Nd7 6. Be2 Ne7 7. O-O c5 8. dxc5
Nc6 9. Nd4 Nxd4 10. Bxd4 Bxc5 11. c3 O-O 12. Na3 Bxa3 13. bxa3 Qc7 14. f4 Nb6
15. Qb3 Rfc8 16. Rac1 Nc4 17. Rfd1 b5 18. Qxb5 a6 19. Qb3 Rcb8 20. Bxc4 Rxb3
21. Bxb3 Qe7 22. c4 dxc4 23. Rxc4 Qxa3 24. Bf2 h6 25. Rc7 Qb2 26. h3 Be4 27.
Rdd7 Rf8 28. Rd4 Qb1+ 29. Rd1 Qb2 30. Rd4 Qb1+ 1/2-1/2

[Event "España ch 1ª Division Norte"]
[Site "Barcelona ESP"]
[Date "2005.08.13"]
[Round "4.13"]
[White "Blazquez Gomez, Miguel"]
[Black "Fernandez Molina, Victor Manuel"]
[Result "1-0"]
[WhiteElo "2083"]
[BlackElo "1794"]
[PlyCount "63"]
[EventDate "2005.08.11"]
[EventType "team"]
[EventRounds "6"]
[EventCountry "ESP"]
[Source "lmi"]
[SourceDate "2005.08.14"]

1. b3 c5 2. Bb2 d5 3. e3 Nf6 4. Nf3 e6 5. Bb5+ Bd7 6. a4 Nc6 7. O-O Bd6 8. d3
Qc7 9. Nbd2 e5 10. e4 d4 11. Nc4 h5 12. c3 O-O-O 13. Rc1 Kb8 14. Re1 Nh7 15.
cxd4 cxd4 16. Ba3 Bxa3 17. Nxa3 Qd6 18. Nc4 Qf6 19. Bxc6 bxc6 20. Nfxe5 Ng5 21.
Nxd7+ Rxd7 22. Qd2 h4 23. f4 Ne6 24. Ne5 Rb7 25. Rf1 c5 26. a5 Rc8 27. a6 Rcc7
28. b4 Nxf4 29. Ng4 Qxa6 30. Qxf4 Kc8 31. Qf5+ Rd7 32. Rxc5+ 1-0

[Event "España ch 1ª Division Norte"]
[Site "Barcelona ESP"]
[Date "2005.08.13"]
[Round "4.13"]
[White "Diaz Sanchez, Jose Francisco"]
[Black "Blazquez Gomez, Jose Luis"]
[Result "0-1"]
[WhiteElo "2019"]
[BlackElo "2226"]
[PlyCount "68"]
[EventDate "2005.08.11"]
[EventType "team"]
[EventRounds "6"]
[EventCountry "ESP"]
[Source "lmi"]
[SourceDate "2005.08.14"]

1. e4 d6 2. d4 Nf6 3. Nc3 g6 4. Nf3 Bg7 5. Be3 O-O 6. Qd2 c6 7. Bh6 b5 8. Bxg7
Kxg7 9. a3 Bg4 10. Be2 Bxf3 11. Bxf3 e5 12. Rd1 Qb6 13. O-O Na6 14. b4 Rad8 15.
Ne2 Nc7 16. c3 Rfe8 17. Ng3 Ne6 18. dxe5 dxe5 19. Qc2 c5 20. Rxd8 Rxd8 21. Rd1
Rc8 22. Qb2 cxb4 23. cxb4 Nd4 24. Rc1 Rc6 25. Rxc6 Qxc6 26. h3 a6 27. Qa1 Qc2
28. Bd1 Qd3 29. f3 h5 30. Nf1 h4 31. a4 Nh5 32. axb5 axb5 33. Qc1 Ng3 34. Nxg3
hxg3 0-1

[Event "España ch 1ª Division Norte"]
[Site "Barcelona ESP"]
[Date "2005.08.13"]
[Round "4.13"]
[White "Garcia Gomez, Jose Manuel"]
[Black "Blazquez Gomez, Jose Maria"]
[Result "0-1"]
[WhiteElo "1781"]
[BlackElo "1989"]
[PlyCount "86"]
[EventDate "2005.08.11"]
[EventType "team"]
[EventRounds "6"]
[EventCountry "ESP"]
[Source "lmi"]
[SourceDate "2005.08.14"]

1. d4 d5 2. c4 c6 3. Nc3 e6 4. Nf3 Nf6 5. Bg5 Be7 6. e3 O-O 7. Rc1 Nbd7 8. Bd3
h6 9. Bh4 dxc4 10. Bxc4 Nb6 11. Bb3 Nfd5 12. Bxe7 Qxe7 13. O-O Rd8 14. Qe2 Bd7
15. Ne4 Be8 16. Nc5 Rab8 17. a3 Nd7 18. Nd3 Qf6 19. Rc2 Nf8 20. Rfc1 Nh7 21.
Ba2 Qe7 22. b4 Kh8 23. Nfe5 f6 24. Nf3 Ng5 25. Nxg5 hxg5 26. Qf3 g6 27. Qg3 Kg7
28. Nc5 Qd6 29. Qg4 Bf7 30. Qf3 f5 31. Nd3 g4 32. Qe2 b5 33. Ne5 Rh8 34. g3 a6
35. e4 Nf6 36. exf5 Nd5 37. Nxf7 Kxf7 38. Qxg4 Kf6 39. fxe6 Qxe6 40. Qxe6+ Kxe6
41. Re1+ Kd6 42. Bxd5 Kxd5 43. Rd1 g5 0-1

[Event "España ch 1ª Division Norte"]
[Site "Barcelona ESP"]
[Date "2005.08.13"]
[Round "5.5"]
[White "Guerrero Olmos, Sergio"]
[Black "Vidarte Morales, Arturo"]
[Result "1/2-1/2"]
[WhiteElo "2279"]
[BlackElo "2397"]
[PlyCount "57"]
[EventDate "2005.08.11"]
[EventType "team"]
[EventRounds "6"]
[EventCountry "ESP"]
[Source "lmi"]
[SourceDate "2005.08.14"]

1. d4 Nf6 2. Bg5 Ne4 3. Bf4 c5 4. f3 Nf6 5. dxc5 Qa5+ 6. Qd2 Qxc5 7. e4 d6 8.
Nc3 Nc6 9. Be3 Qa5 10. Bc4 a6 11. Qf2 e6 12. Bb3 Nd7 13. Nge2 Be7 14. O-O O-O
15. Nd4 Nxd4 16. Bxd4 b5 17. Qg3 g6 18. a3 Nc5 19. Ba2 b4 20. axb4 Qxb4 21.
Rad1 Bb7 22. Qe1 a5 23. f4 Na4 24. f5 e5 25. fxg6 hxg6 26. Qg3 Kg7 27. Bxe5+
dxe5 28. Nxa4 f6 29. Nc3 1/2-1/2

[Event "España ch 1ª Division Norte"]
[Site "Barcelona ESP"]
[Date "2005.08.13"]
[Round "5.5"]
[White "Hernando Rodrigo, Jose Maria"]
[Black "Ceñal Gutierrez, Ruben"]
[Result "1-0"]
[WhiteElo "2351"]
[BlackElo "2248"]
[PlyCount "77"]
[EventDate "2005.08.11"]
[EventType "team"]
[EventRounds "6"]
[EventCountry "ESP"]
[Source "lmi"]
[SourceDate "2005.08.14"]

1. d4 Nf6 2. c4 g6 3. Nc3 Bg7 4. e4 O-O 5. Be2 d6 6. Bg5 Na6 7. Qd2 c5 8. d5
Re8 9. Nf3 Nc7 10. h3 a6 11. a4 Bd7 12. O-O Rb8 13. e5 dxe5 14. Nxe5 b5 15.
cxb5 axb5 16. axb5 Nxb5 17. Nxd7 Nxc3 18. Nxb8 Nxe2+ 19. Qxe2 Qxb8 20. Rfd1 h6
21. Bh4 Qb4 22. Bxf6 Bxf6 23. Rac1 Kg7 24. d6 e6 25. Qc4 Qxb2 26. Qxc5 Rd8 27.
d7 Qb7 28. Qd6 Qb5 29. Rc8 Qg5 30. Rxd8 Bxd8 31. g3 h5 32. h4 Qa5 33. Rc1 g5
34. hxg5 Bxg5 35. Rc8 Qa1+ 36. Kg2 h4 37. Qf8+ Kg6 38. Qg8+ Kf5 39. Qxg5+ 1-0

[Event "España ch 1ª Division Norte"]
[Site "Barcelona ESP"]
[Date "2005.08.13"]
[Round "5.5"]
[White "Molina Vinas, Marcos"]
[Black "Rios, Alejandro"]
[Result "1/2-1/2"]
[WhiteElo "2135"]
[BlackElo "2282"]
[PlyCount "57"]
[EventDate "2005.08.11"]
[EventType "team"]
[EventRounds "6"]
[EventCountry "ESP"]
[Source "lmi"]
[SourceDate "2005.08.14"]

1. e4 e5 2. Nf3 Nc6 3. d4 exd4 4. Bc4 Nf6 5. e5 d5 6. Bb5 Ne4 7. O-O Bg4 8.
Nbd2 Nxd2 9. Bxd2 Bc5 10. h3 Bh5 11. Re1 O-O 12. g4 Bg6 13. Bxc6 bxc6 14. Bg5
Qd7 15. Nxd4 Rae8 16. c3 Bb6 17. Qa4 Bxd4 18. Qxd4 a6 19. Rad1 h5 20. f3 Qc8
21. Qc5 Re6 22. Bh4 Rfe8 23. Kg2 Qb7 24. b4 Rxe5 25. Rxe5 Rxe5 26. Re1 Rxe1 27.
Bxe1 hxg4 28. hxg4 Qb5 29. Bf2 1/2-1/2

[Event "España ch 1ª Division Norte"]
[Site "Barcelona ESP"]
[Date "2005.08.13"]
[Round "5.6"]
[White "Corona Garcia, Tomas"]
[Black "Casares Cabanas, Carlos"]
[Result "0-1"]
[WhiteElo "2190"]
[BlackElo "2116"]
[PlyCount "76"]
[EventDate "2005.08.11"]
[EventType "team"]
[EventRounds "6"]
[EventCountry "ESP"]
[Source "lmi"]
[SourceDate "2005.08.14"]

1. Nf3 Nf6 2. c4 g6 3. b4 Bg7 4. Bb2 O-O 5. e3 c6 6. a4 d5 7. d4 dxc4 8. Bxc4
Nd5 9. Qb3 Nb6 10. Be2 Be6 11. Qc2 Nd5 12. Ba3 a5 13. b5 cxb5 14. axb5 h6 15.
Qd2 Nd7 16. O-O Rc8 17. e4 N5f6 18. Nc3 Bb3 19. Rab1 a4 20. e5 Nh7 21. Bd1 Bxd1
22. Nxd1 Nb6 23. Ne3 Nc4 24. Nxc4 Rxc4 25. Rfc1 Qd5 26. Rxc4 Qxc4 27. Bxe7 Ra8
28. Qc1 Qxc1+ 29. Rxc1 Bf8 30. Bxf8 Nxf8 31. d5 Ra5 32. Nd4 a3 33. f4 Ra4 34.
Nc2 Rc4 35. Ra1 Rxc2 36. Rxa3 Rc5 37. e6 fxe6 38. dxe6 Nxe6 0-1

[Event "España ch 1ª Division Norte"]
[Site "Barcelona ESP"]
[Date "2005.08.13"]
[Round "5.6"]
[White "Del Barrio Gomez, Jesus M"]
[Black "Sanchez Aller, Fernando"]
[Result "0-1"]
[WhiteElo "2238"]
[BlackElo "2268"]
[PlyCount "92"]
[EventDate "2005.08.11"]
[EventType "team"]
[EventRounds "6"]
[EventCountry "ESP"]
[Source "lmi"]
[SourceDate "2005.08.14"]

1. e4 e5 2. Nc3 Nf6 3. Bc4 Nxe4 4. Qh5 Nd6 5. Bb3 Nc6 6. Nb5 g6 7. Qf3 f5 8.
Qd5 Qe7 9. Nxc7+ Kd8 10. Nxa8 b6 11. Qf3 Bb7 12. h4 Nd4 13. Qh3 f4 14. c3 N4f5
15. d3 Bg7 16. Bd2 Bf6 17. O-O-O Bxa8 18. Nf3 Qg7 19. Ng5 h6 20. Ne4 Nxe4 21.
dxe4 Bxe4 22. Bc2 Bc6 23. Qd3 Bxh4 24. Qc4 Bg5 25. Rhg1 e4 26. Kb1 Qf6 27. Qa6
e3 28. fxe3 fxe3 29. Bc1 Nd6 30. Qe2 Re8 31. Rde1 Kc7 32. Qd3 Be4 33. Qd4 Qxd4
34. cxd4 Nf5 35. Bxe4 Rxe4 36. Kc2 d5 37. b3 Bh4 38. g3 Bxg3 39. Rxg3 Nxg3 40.
Kd3 Nf5 41. Bb2 e2 42. Bc3 Kd7 43. b4 g5 44. a4 a6 45. b5 axb5 46. axb5 Nd6 0-1

[Event "España ch 1ª Division Norte"]
[Site "Barcelona ESP"]
[Date "2005.08.13"]
[Round "5.6"]
[White "Paredes Galan, Angel"]
[Black "Gonzalez Diaz, Diego"]
[Result "1/2-1/2"]
[WhiteElo "2257"]
[BlackElo "2334"]
[PlyCount "69"]
[EventDate "2005.08.11"]
[EventType "team"]
[EventRounds "6"]
[EventCountry "ESP"]
[Source "lmi"]
[SourceDate "2005.08.14"]

1. Nf3 Nf6 2. c4 g6 3. b4 Bg7 4. Bb2 O-O 5. e3 d6 6. d3 a5 7. b5 e5 8. Nbd2
Nbd7 9. Be2 Re8 10. O-O Qe7 11. Ne1 h5 12. a4 Nc5 13. Nb3 Nfd7 14. Bc3 Nxb3 15.
Qxb3 Nc5 16. Qb2 Bh6 17. Ra3 Bg4 18. h3 Bxe2 19. Qxe2 b6 20. Bb2 Rad8 21. Nf3
Bg7 22. Nd2 Qe6 23. Nb1 d5 24. Nc3 c6 25. cxd5 cxd5 26. e4 dxe4 27. Nxe4 Nxe4
28. Qxe4 Bf8 29. Rc3 Bc5 30. Rc2 Qd5 31. Re2 Qxe4 32. dxe4 f6 33. Rc1 Rc8 34.
g3 Kf7 35. Ree1 1/2-1/2

[Event "España ch 1ª Division Norte"]
[Site "Barcelona ESP"]
[Date "2005.08.13"]
[Round "5.6"]
[White "Strikovic, Aleksa"]
[Black "Suarez Pousa, Diego"]
[Result "1-0"]
[WhiteElo "2498"]
[BlackElo "2400"]
[PlyCount "70"]
[EventDate "2005.08.11"]
[EventType "team"]
[EventRounds "6"]
[EventCountry "ESP"]
[Source "lmi"]
[SourceDate "2005.08.14"]

1. e4 e5 2. Nf3 Nc6 3. Bb5 a6 4. Ba4 Nf6 5. Qe2 b5 6. Bb3 Bc5 7. O-O d6 8. c3
O-O 9. d3 h6 10. Be3 Bb6 11. Nbd2 Ne7 12. a4 Rb8 13. axb5 axb5 14. d4 Ng6 15.
Qxb5 Qe7 16. Qd3 Nh5 17. g3 Bh3 18. Rfe1 Qf6 19. Kh1 c5 20. dxe5 dxe5 21. Ng1
c4 22. Bxc4 Rfd8 23. Bd5 Be6 24. b3 Ne7 25. c4 Qg6 26. Qe2 Nf6 27. Bxe6 fxe6
28. c5 Bc7 29. f4 Nc6 30. Qc4 Qe8 31. Ra6 Ba5 32. Re2 Rb4 33. Qc1 Bc7 34. Qc3
Rdb8 35. Nc4 Nxe4 1-0

[Event "España ch 1ª Division Norte"]
[Site "Barcelona ESP"]
[Date "2005.08.13"]
[Round "5.7"]
[White "Anguera Maestro, Jaume"]
[Black "Espiñeira Gonzalez, Pablo"]
[Result "1-0"]
[WhiteElo "2183"]
[BlackElo "2153"]
[PlyCount "61"]
[EventDate "2005.08.11"]
[EventType "team"]
[EventRounds "6"]
[EventCountry "ESP"]
[Source "lmi"]
[SourceDate "2005.08.14"]

1. d4 d5 2. Nf3 e6 3. e3 f5 4. c4 Nf6 5. cxd5 exd5 6. Bd3 Bd6 7. Ne5 O-O 8. f4
c5 9. Nd2 Be6 10. Ndf3 Ne4 11. O-O Nd7 12. Bxe4 fxe4 13. Ng5 Qe8 14. Qb3 Nb6
15. Bd2 c4 16. Qd1 Bc8 17. Qe2 h6 18. Nh3 Bxh3 19. gxh3 Nd7 20. Kh1 Qe6 21. Rg1
Qxh3 22. Rg3 Qf5 23. Rag1 Bxe5 24. dxe5 Rf7 25. Qg2 g5 26. e6 Qxe6 27. Rxg5+
hxg5 28. Qxg5+ Kh8 29. Bc3+ Qf6 30. Qh5+ Rh7 31. Bxf6+ 1-0

[Event "España ch 1ª Division Norte"]
[Site "Barcelona ESP"]
[Date "2005.08.13"]
[Round "5.7"]
[White "Miralles Sanchez, Josep"]
[Black "Espiñeira Gonzalez, Diego"]
[Result "1-0"]
[WhiteElo "2271"]
[BlackElo "2310"]
[PlyCount "89"]
[EventDate "2005.08.11"]
[EventType "team"]
[EventRounds "6"]
[EventCountry "ESP"]
[Source "lmi"]
[SourceDate "2005.08.14"]

1. e4 e6 2. d3 d5 3. Nd2 Nf6 4. Ngf3 Nc6 5. c3 a5 6. a4 e5 7. exd5 Qxd5 8. Nc4
Bc5 9. Be2 O-O 10. O-O Rd8 11. Ne3 Qe6 12. Qc2 h6 13. Re1 Nd5 14. Bf1 Nb6 15.
h3 Qg6 16. Kh1 Be6 17. Nxe5 Nxe5 18. d4 Bxd4 19. cxd4 Qxc2 20. Nxc2 Nc6 21. Bb5
Nxd4 22. Nxd4 Rxd4 23. Be3 Rb4 24. Bxb6 cxb6 25. Re5 Rd8 26. Rc1 Bb3 27. Rc7
Bxa4 28. Bxa4 Rxa4 29. Rxb7 Rb4 30. Kh2 Rd6 31. Re8+ Kh7 32. Rxf7 Rxb2 33. Ree7
Rg6 34. g4 a4 35. Kg3 h5 36. f4 hxg4 37. hxg4 Rb3+ 38. Kh4 Rh6+ 39. Kg5 Rg6+
40. Kh5 Rb1 41. g5 a3 42. Ra7 Rf1 43. Rf8 Rc6 44. Rff7 b5 45. Rxg7+ 1-0

[Event "España ch 1ª Division Norte"]
[Site "Barcelona ESP"]
[Date "2005.08.13"]
[Round "5.7"]
[White "Paredes Cordo, Jacobo Borja"]
[Black "Bautista Sanchez, Joan"]
[Result "0-1"]
[WhiteElo "2173"]
[BlackElo "2250"]
[PlyCount "108"]
[EventDate "2005.08.11"]
[EventType "team"]
[EventRounds "6"]
[EventCountry "ESP"]
[Source "lmi"]
[SourceDate "2005.08.14"]

1. e4 c6 2. d4 d5 3. exd5 cxd5 4. c4 Nf6 5. Nc3 g6 6. Qb3 Bg7 7. cxd5 O-O 8.
Be2 Nbd7 9. Bf3 Nb6 10. Nge2 Bg4 11. Bxg4 Nxg4 12. O-O Nf6 13. a4 Nfxd5 14. a5
Nxc3 15. bxc3 Qd5 16. Qb4 Nc8 17. Re1 Re8 18. c4 Qd7 19. Bb2 Nd6 20. Rac1 Rac8
21. Ng3 b6 22. axb6 axb6 23. h3 Qc7 24. c5 bxc5 25. Rxc5 Qb8 26. Ba3 Qxb4 27.
Bxb4 Rb8 28. Bc3 Nb5 29. Rd1 Nxc3 30. Rxc3 Red8 31. Rcd3 Rd5 32. Ne2 Rbd8 33.
f4 h5 34. Kf2 e5 35. fxe5 Bxe5 36. Ke3 Bf6 37. Nc3 Re8+ 38. Kf2 Rf5+ 39. Rf3
Bh4+ 40. g3 Rxf3+ 41. Kxf3 Bxg3 42. Ne4 Bh4 43. d5 f5 44. Nc5 Rc8 45. Ne6 Kf7
46. Rd3 Bf6 47. Ke2 Rc2+ 48. Kf1 Rc3 49. Rxc3 Bxc3 50. Ke2 Be5 51. Kd3 Kf6 52.
Nf8 Bd6 53. Nh7+ Ke5 54. Kc4 Be7 0-1

[Event "España ch 1ª Division Norte"]
[Site "Barcelona ESP"]
[Date "2005.08.13"]
[Round "5.7"]
[White "Rodriguez Calvo, Manoel"]
[Black "Travesset Ribera, Daniel"]
[Result "1/2-1/2"]
[WhiteElo "2119"]
[BlackElo "2166"]
[PlyCount "70"]
[EventDate "2005.08.11"]
[EventType "team"]
[EventRounds "6"]
[EventCountry "ESP"]
[Source "lmi"]
[SourceDate "2005.08.14"]

1. e4 c5 2. Nf3 Nc6 3. d3 g6 4. g3 Bg7 5. Bg2 d6 6. O-O e5 7. c3 Nge7 8. Na3
O-O 9. Be3 b6 10. d4 Ba6 11. Re1 Qc7 12. Qa4 Qb7 13. d5 Nb8 14. c4 Qd7 15. Qc2
Bc8 16. Qd2 Na6 17. Nb5 Nc7 18. Nxc7 Qxc7 19. a4 Bd7 20. b4 a5 21. b5 f6 22.
Rf1 Rf7 23. Rae1 Raf8 24. h4 Qc8 25. Kh2 Kh8 26. Qc1 Ng8 27. Ng1 h6 28. f4 f5
29. fxe5 Bxe5 30. Bf4 Re7 31. exf5 Bxf5 32. Bxe5+ Rxe5 33. Rxe5 dxe5 34. Qe3
Qe8 35. Re1 Nf6 1/2-1/2

[Event "España ch 1ª Division Norte"]
[Site "Barcelona ESP"]
[Date "2005.08.13"]
[Round "5.8"]
[White "Garbisu De Goni, Unai"]
[Black "Glavina, Pablo"]
[Result "1/2-1/2"]
[WhiteElo "2463"]
[BlackElo "2440"]
[PlyCount "64"]
[EventDate "2005.08.11"]
[EventType "team"]
[EventRounds "6"]
[EventCountry "ESP"]
[Source "lmi"]
[SourceDate "2005.08.14"]

1. e4 e5 2. Nf3 Nc6 3. Bb5 a6 4. Ba4 Nf6 5. O-O Bc5 6. d3 d6 7. c3 b5 8. Bb3
O-O 9. Re1 Re8 10. a4 Bg4 11. h3 Bxf3 12. Qxf3 Na5 13. Bc2 b4 14. Nd2 Rb8 15.
Rb1 Qd7 16. Nb3 Nxb3 17. Bxb3 bxc3 18. bxc3 Rf8 19. Bg5 Ne8 20. Bc4 Rxb1 21.
Rxb1 a5 22. Rb8 c6 23. Rd8 Qc7 24. Qf5 d5 25. exd5 h6 26. Rd7 Qc8 27. dxc6 Nd6
28. Qxe5 Qxc6 29. Be7 Nxc4 30. Qxc5 Qxd7 31. Bxf8 Qxd3 32. Kh2 Nd2 1/2-1/2

[Event "España ch 1ª Division Norte"]
[Site "Barcelona ESP"]
[Date "2005.08.13"]
[Round "5.8"]
[White "Lopez Gracia, Fernando"]
[Black "Rada Equiza, Miguel"]
[Result "1/2-1/2"]
[WhiteElo "2323"]
[BlackElo "2236"]
[PlyCount "27"]
[EventDate "2005.08.11"]
[EventType "team"]
[EventRounds "6"]
[EventCountry "ESP"]
[Source "lmi"]
[SourceDate "2005.08.14"]

1. e4 e5 2. Nf3 Nc6 3. Bb5 f5 4. d3 fxe4 5. dxe4 Nf6 6. O-O Bc5 7. Qe2 Qe7 8.
Qc4 Nd4 9. Nxd4 exd4 10. e5 Qxe5 11. Bf4 Qxf4 12. Qxc5 Kd8 13. c3 d6 14. Qxd4
1/2-1/2

[Event "España ch 1ª Division Norte"]
[Site "Barcelona ESP"]
[Date "2005.08.13"]
[Round "5.8"]
[White "Navarrete Delgado, Sergio"]
[Black "Cortes Lizano, Jesus"]
[Result "1-0"]
[WhiteElo "2207"]
[BlackElo "2120"]
[PlyCount "85"]
[EventDate "2005.08.11"]
[EventType "team"]
[EventRounds "6"]
[EventCountry "ESP"]
[Source "lmi"]
[SourceDate "2005.08.14"]

1. e4 c5 2. Nf3 d6 3. d4 cxd4 4. Nxd4 Nf6 5. Nc3 a6 6. Be3 e6 7. Be2 Be7 8. a4
Nc6 9. Nb3 b6 10. f4 Bb7 11. O-O Rc8 12. Bf3 Nb4 13. Qe2 O-O 14. Rfd1 Qc7 15.
Qf2 Nd7 16. Bd4 Nc6 17. Be3 Nb4 18. Bd4 Rfd8 19. Rac1 Nc6 20. Be3 Bf6 21. Nd4
Qb8 22. f5 Bxd4 23. Bxd4 e5 24. Be3 Na5 25. Qg3 Kh8 26. f6 Nxf6 27. Bxb6 Nc6
28. Bxd8 Rxd8 29. Nd5 Nxd5 30. exd5 Nd4 31. c3 Nf5 32. Qf2 Nh6 33. Qb6 f5 34.
c4 e4 35. Be2 f4 36. c5 dxc5 37. Rxc5 f3 38. gxf3 exf3 39. Bxf3 Rd6 40. Rc6 Rd7
41. Re6 Qf8 42. Bg2 Qf5 43. Qf2 1-0

[Event "España ch 1ª Division Norte"]
[Site "Barcelona ESP"]
[Date "2005.08.13"]
[Round "5.8"]
[White "Villuendas Valero, Adrian"]
[Black "Mindeguia Guruceaga, Juan J"]
[Result "1/2-1/2"]
[WhiteElo "2109"]
[BlackElo "2170"]
[PlyCount "49"]
[EventDate "2005.08.11"]
[EventType "team"]
[EventRounds "6"]
[EventCountry "ESP"]
[Source "lmi"]
[SourceDate "2005.08.14"]

1. e4 e5 2. Nf3 Nc6 3. Bb5 f5 4. Bxc6 dxc6 5. Nc3 Bd6 6. Qe2 Qe7 7. d3 Nf6 8.
O-O fxe4 9. Nxe4 Nxe4 10. Qxe4 O-O 11. Bg5 Qe8 12. Bh4 Bf5 13. Qe3 e4 14. Nd4
Bc5 15. dxe4 Bxe4 16. Rfe1 Bd5 17. Qxe8 Raxe8 18. Nb3 Bd6 19. Bg3 Kf7 20. f3
Rxe1+ 21. Rxe1 Rd8 22. Bf2 b6 23. Nd4 g6 24. b3 Bb4 25. Rf1 1/2-1/2